| 000 | 01383nam0a22002651 4500 | ||
|---|---|---|---|
| 001 | rc\105158 | ||
| 005 | 20260406210353.0 | ||
| 035 | _a(NLR Aleph) 005367201 | ||
| 090 |
_a6961395 _c6961395 |
||
| 100 | _a20021216d1996 |||y0rusy50 ca | ||
| 101 | 0 | _arus | |
| 102 | _aRU | ||
| 105 | _ay ||||||||| | ||
| 200 | 1 |
_aЛечебные физические факторы в акушерстве _eПособие для студентов 6-го курса _fС.-Петерб. гос. мед. ун-т им. И.П. Павлова. Каф. акушерства и гинекологии, Каф. физ. методов лечения и спортив. медицины _g[Сост. В.Г. Яковлев и др.] |
|
| 210 |
_aСПб. _cИзд-во СПбГМУ _d1996 |
||
| 215 |
_a24 с. _d21 |
||
| 320 | _aБиблиогр.: с. 23 (9 назв.) | ||
| 702 | 1 |
_4220 _7ca _8rus _aЯковлев _bВ. Г. _cд-р пед. наук _f1900- _gВадим Григорьевич _9240863 _3RU\NLR\AUTH\770240919 |
|
| 712 | 0 | 2 |
_aСанкт-Петербургский государственный медицинский университет им. И. П. Павлова _bКафедра акушерства и гинекологии _3RU\NLR\AUTH\889967201 _9430740 |
| 801 | 0 |
_aRU _bNLR _gpsbo |
|
| 801 | 1 |
_aRU _bELAR _2rusmarc |
|
| 852 |
_aNLR _j96-4/21541 |
||
| 942 | _cBOOK | ||
| 980 | _aNB | ||